Mots de langue française terminés par "roir" - Statistiques

Statistiques générales
  • Ce quiz a été pris 194 fois
  • Le résultat moyen est 3 sur 10
Statistiques - réponses
Indice Mot % Correct
glace miroir
91%
casier tiroir
82%
hospice mouroir
61%
pays terroir
41%
atelier dans un couvent ouvroir
6%
pilon bourroir
3%
fer gaufroir
1%
ustensile de pâtisserie saupoudroir
1%
outil de cordonnier ébourroir
0%
outil pour nettoyer les vitres lustroir
0%
Aucun quiz correspondant
Distribution des résultats
% des personnes avec chaque résultat
Percentile par nombre de réponses
Votre historique - résultats
Vous n’avez pas pris ce quiz